Suverénne fondy a nová finančná architektúra sveta

Pojem suverénny fond v širšom i užšom zmysle. Akvizície suverénnych fondov ako silný impulz oživenia hospodárskej aktivity v postkrízovom období. Etablovanie SF ako významných inštitucionálnych investorov. Finančné aj politické záujmy a prerozdelenie bohatstva v globalizovanom svete.

Gespeichert in:
Bibliographische Detailangaben
1. Verfasser: Pauhofová, Iveta
Weitere Verfasser: Cmorej, Peter
Format: Buchkapitel
Sprache:Slowakisch
Schlagworte:
Tags: Tag hinzufügen
Keine Tags, Fügen Sie das erste Tag hinzu!

MARC

LEADER 00000naa a2200000 4500
001 0121711
005 20220725111638.1
041 0 |a slo 
044 |a SK 
245 1 0 |a Suverénne fondy a nová finančná architektúra sveta  |c Peter Cmorej 
520 |a Pojem suverénny fond v širšom i užšom zmysle. Akvizície suverénnych fondov ako silný impulz oživenia hospodárskej aktivity v postkrízovom období. Etablovanie SF ako významných inštitucionálnych investorov. Finančné aj politické záujmy a prerozdelenie bohatstva v globalizovanom svete. 
610 2 0 |a kríza hospodárska 
610 2 0 |a kríza finančná 
610 2 0 |a kapitál finančný 
610 2 0 |a hospodárstvo svetové 
610 2 0 |a stratégia hospodárska 
610 2 0 |a projekty investičné 
610 2 0 |a investori 
610 2 0 |a vzťahy hospodárske medzinárodné 
100 1 |a Pauhofová, Iveta 
700 1 |a Cmorej, Peter